| 000 | 00718nam a2200253Ia 4500 | ||
|---|---|---|---|
| 005 | 20260429112029.0 | ||
| 008 | 260429s9999||||xx |||||||||||||| ||und|| | ||
| 020 | _a9781032288253 | ||
| 041 | _aEnglish | ||
| 082 |
_a510.157 _bALV |
||
| 100 | _aAlvey, Christina | ||
| 245 | 0 |
_aMathematical biology : _bdiscrete and differential equations / _cChristina Alvey |
|
| 250 | _a1st ed. | ||
| 260 |
_aBoca Raton : _bCRC Press, _c2025. |
||
| 300 | _axii, 366 p.; hb | ||
| 440 | _aTextbooks in mathematics | ||
| 650 | _a Biology | ||
| 650 | _a Differential equations | ||
| 650 | _a Discrete mathematics | ||
| 650 | _a Mathematical principles | ||
| 650 | _aMathematics | ||
| 700 | _a Alvey, Daniel | ||
| 942 | _cTB | ||
| 999 |
_c51979 _d51979 |
||